[Event "URS Cup"]
[Site "Soviet Union"]
[Date "1984.??.??"]
[Round "?"]
[White "Lerner, Konstantin Z"]
[Black "Eingorn, Vereslav S"]
[Result "1/2-1/2"]
[WhiteElo "2485"]
[BlackElo "2475"]
[PlyCount "86"]
[EventDate "1984.??.??"]
[Source "www.chesslib.no"]
[SourceDate "2004.05.04"]

1. d4 e6 2. c4 f5 3. g3 Nf6 4. Bg2 Bb4+ 5. Nd2 O-O 6. Ngf3 a5 7. O-O Kh8 8. b3 Bc3 9. Rb1 Nc6 10. Bb2 Bxb2 11. Rxb2 d6 12. Nb1 e5 13. dxe5 dxe5 14. Nc3 Qe7 15. Nd5 Nxd5 16. cxd5 Nb4 17. Nd2 e4 18. Nc4 Bd7 19. Qd4 Bb5 20. a3 Na6 21. d6 cxd6 22. Qxd6 Qc7 23. Qxc7 Nxc7 24. f3 f4 25. fxe4 fxg3 26. Rxf8+ Rxf8 27. hxg3 a4 28. Nd6 axb3 29. Rxb3 Bxe2 30. Rxb7 Ne6 31. e5 Ng5 32. Bd5 Bf3 33. Rb5 Bxd5 34. Rxd5 Ra8 35. Rd3 h5 36. Kf2 Kh7 37. Nc4 Rc8 38. Nd6 Ra8 39. Re3 Ne6 40. Rc3 g5 41. Ke3 h4 42. Ke4 h3 43. Kd5 h2 1/2-1/2

[Event "VIII Int Rapid"]
[Site "El Sauzal ESP"]
[Date "2007.11.04"]
[Round "9"]
[White "Khenkin, I."]
[Black "Hernando Rodrigo, Jo"]
[Result "1-0"]
[WhiteElo "2600"]
[BlackElo "2359"]
[PlyCount "37"]
[EventDate "2007.11.03"]
[Source "www.chesslib.no"]
[SourceDate "2004.05.04"]

1. d4 e6 2. c4 f5 3. g3 Nf6 4. Bg2 Bb4+ 5. Nd2 O-O 6. Ngf3 b6 7. Ne5 c6 8. O-O Bb7 9. Qb3 Qe7 10. c5 bxc5 11. a3 Bxd2 12. Qxb7 Bxc1 13. Raxc1 cxd4 14. Qxa8 Qd6 15. Nd3 Qc7 16. Nc5 Na6 17. Nxa6 Qb6 18. Rxc6 Qxb2 19. Rc8 1-0

[Event "Open A"]
[Site "Riga"]
[Date "2004.08.20"]
[Round "8"]
[White "Lutsko, Igor"]
[Black "Neiksans, Arturs"]
[Result "1-0"]
[WhiteElo "2519"]
[BlackElo "2440"]
[PlyCount "101"]
[EventDate "2004.08.15"]
[Source "Roberto Alvarez"]
[SourceDate "2004.09.06"]

1. d4 f5 2. g3 Nf6 3. Bg2 e6 4. c4 Bb4+ 5. Bd2 Bxd2+ 6. Qxd2 O-O 7. Nc3 d6 8. Nf3 Nc6 9. O-O Qe7 10. d5 Ne5 11. Nxe5 dxe5 12. Rad1 exd5 13. Nxd5 Nxd5 14. Qxd5+ Kh8 15. Rd2 c6 16. Qd6 Qxd6 17. Rxd6 Re8 18. Bh3 e4 19. f3 exf3 20. exf3 g6 21. Rfd1 Be6 22. Bf1 Re7 23. b4 Kg7 24. a3 a5 25. Rd8 Rxd8 26. Rxd8 axb4 27. axb4 Bf7 28. Kf2 g5 29. Bd3 Bg6 30. f4 gxf4 31. gxf4 Kf6 32. Rf8+ Bf7 33. Rh8 Bg6 34. c5 Re8 35. Rxe8 Bxe8 36. Ke3 Bd7 37. Kd4 Be8 38. Be2 Bf7 39. Bf3 Bb3 40. b5 cxb5 41. Kc3 Bc4 42. Bxb7 Ke6 43. Bc6 Be2 44. Kb4 Bd3 45. Bxb5 Be4 46. Bc4+ Kd7 47. Kc3 Kc6 48. Kd4 h6 49. Bf7 Kd7 50. Bd5 Bc2 51. h4 1-0

[Event "Europa ch 2008"]
[Site "Plovdiv BUL"]
[Date "2008.04.29"]
[Round "8.70"]
[White "Georgescu, Tiberiu"]
[Black "Lopez Martinez, Josep Manuel"]
[Result "0-1"]
[WhiteElo "2384"]
[BlackElo "2575"]
[PlyCount "80"]
[EventDate "2008.04.21"]
[Source "www.chesslib.no"]
[SourceDate "2004.05.04"]

1. d4 e6 2. c4 f5 3. g3 Nf6 4. Bg2 Bb4+ 5. Bd2 a5 6. Nf3 Nc6 7. O-O d5 8. a3 Bxd2 9. Nbxd2 a4 10. e3 O-O 11. Ne5 Nxe5 12. dxe5 Ne4 13. f4 c6 14. Bxe4 fxe4 15. Qc2 g5 16. Rf2 gxf4 17. gxf4 Kh8 18. Kh1 Bd7 19. Rg1 Be8 20. Rfg2 Bg6 21. Qd1 Qh4 22. Rg4 Qh6 23. Qe1 Rf5 24. Qh4 Qxh4 25. Rxh4 Bh5 26. Kg2 Ra6 27. Kf2 Rb6 28. Rb1 c5 29. b3 axb3 30. Rxb3 Rxb3 31. Nxb3 b6 32. Ke1 Bg6 33. cxd5 exd5 34. Kd2 Rf8 35. a4 Rc8 36. Kc3 d4+ 37. exd4 cxd4+ 38. Kxd4 Rd8+ 39. Kc3 Rd3+ 40. Kc2 e3 0-1

[Event "it (op)"]
[Site "?"]
[Date "2005.10.28"]
[Round "8"]
[White "Wells Peter K"]
[Black "Naumkin Igor"]
[Result "1/2-1/2"]
[WhiteElo "2513"]
[BlackElo "2445"]
[PlyCount "114"]
[EventDate "2005.??.??"]
[Source "www.chesslib.no"]
[SourceDate "2004.05.04"]

1. d4 e6 2. c4 f5 3. g3 Nf6 4. Bg2 Bb4+ 5. Nd2 O-O 6. Ngf3 d6 7. O-O Bxd2 8. Qxd2 a5 9. b3 Qe8 10. Bb2 b5 11. Ng5 Ra7 12. e4 h6 13. e5 hxg5 14. exf6 gxf6 15. Rae1 c6 16. f4 g4 17. Rf2 b4 18. Rfe2 Na6 19. d5 cxd5 20. Qxd5 Qd8 21. Rxe6 Bxe6 22. Qxe6+ Raf7 23. Qxf5 Qb6+ 24. Kf1 Nc7 25. Qxg4+ Rg7 26. Qf5 Qc5 27. Be4 Qxf5 28. Bxf5 Kf7 29. Bd4 Rb8 30. g4 Rgg8 31. h4 Rge8 32. Rd1 Ne6 33. Be3 Ng7 34. Kf2 Nxf5 35. gxf5 Rh8 36. Rxd6 Rxh4 37. Rd7+ Ke8 38. Rg7 Kf8 39. Rg6 Kf7 40. Kg3 Rh5 41. Kg4 Rh2 42. Kf3 Rxa2 43. Bd4 Ra3 44. Rxf6+ Ke8 45. Rh6 Rxb3+ 46. Ke4 Rd8 47. c5 Rb1 48. Rh8+ Kd7 49. c6+ Kc8 50. Rxd8+ Kxd8 51. f6 Rc1 52. Kd5 b3 53. f7 Ke7 54. Bc5+ Kxf7 55. c7 Rd1+ 56. Bd4 Rc1 57. Bc5 Rd1+ 1/2-1/2

[Event "FSGM September"]
[Site "Budapest"]
[Date "2003.09.12"]
[Round "7"]
[White "Flumbort, Andras"]
[Black "Pert, Nicholas"]
[Result "1-0"]
[WhiteElo "2471"]
[BlackElo "2483"]
[PlyCount "57"]
[EventDate "2003.09.06"]
[Source "Roberto Alvarez"]
[SourceDate "2003.09.22"]

1. d4 e6 2. c4 f5 3. g3 Nf6 4. Bg2 Bb4+ 5. Bd2 Be7 6. Nf3 d6 7. Nc3 O-O 8. Qc2 a5 9. e4 fxe4 10. Nxe4 Nc6 11. Bc3 e5 12. dxe5 dxe5 13. Rd1 Qe8 14. O-O Qh5 15. Nxf6+ Rxf6 16. Qe4 Rh6 17. h4 Bf5 18. Qd5+ Be6 19. Qb5 Rf8 20. Nxe5 Bxh4 21. Nf3 Rf5 22. Qxb7 Rxf3 23. Qxc6 Be7 24. Rfe1 Rxg3 25. Rd8+ Bxd8 26. fxg3 Bf7 27. Qd7 Rd6 28. Bd5 Kf8 29. Re8+ 1-0

[Event "Bad Wiessee (28.10.-04.11)"]
[Site "?"]
[Date "2000.11.01"]
[Round "5"]
[White "Spiess Gunter"]
[Black "Glek Igor"]
[Result "1/2-1/2"]
[WhiteElo "2398"]
[BlackElo "2553"]
[PlyCount "34"]
[EventDate "2000.??.??"]
[Source "www.chesslib.no"]
[SourceDate "2004.05.04"]

1. d4 e6 2. c4 f5 3. g3 Nf6 4. Bg2 Bb4+ 5. Nd2 O-O 6. Ngf3 a5 7. O-O b6 8. Ne5 Ra7 9. Nd3 Bxd2 10. Bxd2 Bb7 11. Bxb7 Rxb7 12. a3 d6 13. Nf4 Qd7 14. d5 e5 15. Ne6 Re8 16. f3 Na6 17. Qc2 a4 1/2-1/2

[Event "Kstovo"]
[Site "Kstovo"]
[Date "1998.??.??"]
[Round "1"]
[White "Kulikov, Aleksandr"]
[Black "Balashov, Yuri S"]
[Result "1/2-1/2"]
[WhiteElo "2395"]
[BlackElo "2555"]
[PlyCount "76"]
[EventDate "1998.??.??"]
[Source "www.chesslib.no"]
[SourceDate "2004.05.04"]

1. d4 e6 2. c4 f5 3. g3 Nf6 4. Bg2 Bb4+ 5. Bd2 Be7 6. Nf3 O-O 7. O-O d6 8. Nc3 Qe8 9. Re1 Qg6 10. Qb3 Nbd7 11. Ng5 Nb6 12. c5 Ne8 13. cxb6 Bxg5 14. Bxg5 Qxg5 15. bxc7 Nxc7 16. Rac1 Rf7 17. Qb4 d5 18. e3 Qe7 19. Qxe7 Rxe7 20. f3 Bd7 21. e4 fxe4 22. fxe4 dxe4 23. Bxe4 Bc6 24. Bxc6 bxc6 25. Ne2 Rb8 26. b3 Nd5 27. Rxc6 Nb4 28. Rc4 Nxa2 29. Nf4 Reb7 30. Ra1 Nb4 31. Nxe6 Nd5 32. Nc5 Re7 33. Rca4 Nc3 34. Rxa7 Ne2+ 35. Kg2 Rxa7 36. Rxa7 Nxd4 37. Ra1 Rb5 38. Rd1 Nxb3 1/2-1/2

[Event "Sydney Mercantile"]
[Site "?"]
[Date "1991.??.??"]
[Round "2"]
[White "Van der Sterren Paul"]
[Black "Johansen Darryl K"]
[Result "1/2-1/2"]
[WhiteElo "2475"]
[BlackElo "2465"]
[PlyCount "60"]
[EventDate "1991.??.??"]
[Source "www.chesslib.no"]
[SourceDate "2004.05.04"]

1. d4 e6 2. c4 f5 3. g3 Nf6 4. Bg2 Bb4+ 5. Bd2 Qe7 6. Nf3 Bxd2+ 7. Qxd2 Ne4 8. Qc2 d6 9. O-O O-O 10. Nc3 Nxc3 11. Qxc3 Nd7 12. b4 Nf6 13. Nd2 e5 14. dxe5 Qxe5 15. Qxe5 dxe5 16. c5 e4 17. Nb3 Rd8 18. e3 Bd7 19. Rfd1 Kf7 20. Rac1 Be6 21. Rxd8 Rxd8 22. Nd4 c6 23. a4 a6 24. Bf1 g6 25. b5 axb5 26. axb5 cxb5 27. Bxb5 Rc8 28. Bc4 Bxc4 29. Rxc4 Nd7 30. c6 bxc6 1/2-1/2

[Event "6th Gibtelecom Masters"]
[Site "Gibraltar ENG"]
[Date "2008.01.22"]
[Round "1"]
[White "Agdestein, S."]
[Black "Wintzer, J."]
[Result "1/2-1/2"]
[WhiteElo "2589"]
[BlackElo "2349"]
[PlyCount "120"]
[EventDate "2008.01.22"]
[Source "www.chesslib.no"]
[SourceDate "2004.05.04"]

1. d4 e6 2. c4 f5 3. g3 Nf6 4. Bg2 Bb4+ 5. Nd2 a5 6. Ngf3 b6 7. Ne5 Ra7 8. O-O Bb7 9. Ndf3 Be7 10. b3 O-O 11. Bb2 a4 12. e3 Ne4 13. Rc1 axb3 14. axb3 Ra2 15. Nd3 Bf6 16. b4 g5 17. Nfe5 g4 18. f3 gxf3 19. Nxf3 Qe7 20. Qb3 Ra8 21. b5 d6 22. Nf4 Re8 23. Bh3 Nd7 24. c5 bxc5 25. Bxf5 Nf8 26. Bxe4 Bxe4 27. Nd2 Bb7 28. dxc5 Bxb2 29. Qxb2 dxc5 30. Nh5 Nd7 31. Rxc5 Ra2 32. Qc3 Rxd2 33. Nf6+ Nxf6 34. Rg5+ Kh8 35. Qxd2 Ne4 36. Qb2+ e5 37. Rh5 Nd6 38. b6 Qe6 39. Qc2 Be4 40. Qxc7 Qa2 41. Rxh7+ Bxh7 42. Qxd6 Kg8 43. Qh6 Qd5 44. h4 Qd7 45. Kh2 Qg7 46. Qc6 Qg6 47. Rf6 Qc2+ 48. Qxc2 Bxc2 49. g4 Be4 50. Kg3 Rc8 51. Re6 Rc5 52. g5 Kf7 53. Rf6+ Ke7 54. Rh6 Rc3 55. Kf2 Rc2+ 56. Kf1 Rc1+ 57. Ke2 Rc2+ 58. Kf1 Rc1+ 59. Ke2 Rc2+ 60. Kf1 Rc1+ 1/2-1/2

[Event "KNSB TCh-NED 2007-8"]
[Site "Netherlands NED"]
[Date "2008.03.29"]
[Round "8"]
[White "Van Wessel, R."]
[Black "Berelovich, A."]
[Result "0-1"]
[WhiteElo "2326"]
[BlackElo "2606"]
[PlyCount "102"]
[EventDate "2008.02.09"]
[Source "www.chesslib.no"]
[SourceDate "2004.05.04"]

1. d4 e6 2. c4 f5 3. g3 Nf6 4. Bg2 Bb4+ 5. Bd2 Bxd2+ 6. Nxd2 O-O 7. Qb3 Nc6 8. d5 Ne7 9. dxe6 dxe6 10. Ngf3 Nc6 11. Qc3 Qe7 12. Ne5 Nxe5 13. Qxe5 Ng4 14. Qc3 e5 15. h3 Nf6 16. O-O-O e4 17. f3 e3 18. Nf1 f4 19. gxf4 Nh5 20. Nxe3 Nxf4 21. Bf1 Be6 22. h4 Rad8 23. Rxd8 Rxd8 24. Qe5 Qf7 25. b3 Re8 26. Qd4 b6 27. Nc2 c5 28. Qc3 Bf5 29. e4 Bg6 30. Ne3 Ne6 31. Be2 Nd4 32. Bd1 Bh5 33. Nd5 Bxf3 34. Rf1 Bxd1 35. Rxf7 Ne2+ 36. Kd2 Nxc3 37. Rxa7 Nxd5 38. exd5 Bg4 39. Ra6 h5 40. Rxb6 Re2+ 41. Kc3 Rxa2 42. Rb5 g5 43. hxg5 h4 44. Rxc5 h3 45. Rc6 h2 46. Rh6 Bf3 47. b4 h1=Q 48. Rxh1 Bxh1 49. b5 Kf7 50. Kd4 Ke7 51. b6 Rb2 0-1

[Event "Gausdal Int"]
[Site "Gausdal"]
[Date "1989.??.??"]
[Round "?"]
[White "Lukacs, Peter"]
[Black "Tisdall, Jonathan D"]
[Result "1-0"]
[WhiteElo "2465"]
[BlackElo "2465"]
[PlyCount "79"]
[EventDate "1989.08.??"]
[Source "www.chesslib.no"]
[SourceDate "2004.05.04"]

1. d4 e6 2. c4 f5 3. g3 Nf6 4. Bg2 Bb4+ 5. Nd2 O-O 6. Ngf3 d5 7. O-O c6 8. Ne5 Nbd7 9. Qc2 Nxe5 10. dxe5 Nd7 11. Nf3 Qe7 12. b3 Ba5 13. Bb2 g5 14. cxd5 exd5 15. e6 Nb8 16. Qc1 f4 17. Ba3 Bb4 18. Bxb4 Qxb4 19. Nxg5 Qe7 20. gxf4 h6 21. Nf3 Bxe6 22. Kh1 Qf6 23. Rg1 Kh8 24. e3 Nd7 25. Nd4 Rae8 26. Qa3 a6 27. Qd6 Bg4 28. Qxf6+ Nxf6 29. Rac1 Rf7 30. b4 Rg7 31. a4 Reg8 32. h3 Bd7 33. Kh2 Rg6 34. Nb3 R8g7 35. Nc5 Bf5 36. a5 Ne8 37. f3 Bc8 38. e4 dxe4 39. fxe4 Rf6 40. Rcd1 1-0

[Event "Tashkent Hodzhaev Memorial"]
[Site "Tashkent UZB"]
[Date "1987.??.??"]
[Round "?"]
[White "Graf, Alexander"]
[Black "Vaisser, Anatoli V"]
[Result "1/2-1/2"]
[WhiteElo "2420"]
[BlackElo "2505"]
[PlyCount "71"]
[EventDate "1987.??.??"]
[Source "www.chesslib.no"]
[SourceDate "2004.05.04"]

1. d4 e6 2. c4 f5 3. g3 Nf6 4. Bg2 Bb4+ 5. Bd2 Be7 6. Nc3 O-O 7. Nf3 d5 8. O-O c6 9. Bg5 Nbd7 10. cxd5 exd5 11. Rb1 h6 12. Bxf6 Nxf6 13. Ne5 Bd6 14. e3 Bd7 15. f4 Qe7 16. a3 Kh7 17. b4 a5 18. Qb3 axb4 19. axb4 b5 20. Rfc1 Ra6 21. Ra1 Rfa8 22. Rxa6 Rxa6 23. Rb1 Ne4 24. Qc2 Nxc3 25. Qxc3 Ra4 26. Nxc6 Bxc6 27. Qxc6 Qxe3+ 28. Kh1 Rxb4 29. Rg1 Qe7 30. Qxd5 Qf6 31. Rd1 h5 32. h4 g6 33. Bf1 Bxf4 34. gxf4 Qxh4+ 35. Kg1 Qg4+ 36. Kh1 1/2-1/2

[Event "Novi Sad ol (Men)"]
[Site "Novi Sad YUG"]
[Date "1990.??.??"]
[Round "11"]
[White "Ricardi, Pablo"]
[Black "Karlsson, Lars C-G"]
[Result "0-1"]
[WhiteElo "2405"]
[BlackElo "2520"]
[PlyCount "82"]
[EventDate "1990.11.??"]
[Source "www.chesslib.no"]
[SourceDate "2004.05.04"]

1. d4 e6 2. c4 f5 3. g3 Nf6 4. Bg2 Bb4+ 5. Bd2 Qe7 6. Nf3 Bxd2+ 7. Nbxd2 O-O 8. O-O d6 9. Qb3 Kh8 10. Rfe1 e5 11. e4 fxe4 12. Nxe4 Nc6 13. dxe5 dxe5 14. h3 Nxe4 15. Rxe4 Qf6 16. g4 Bd7 17. Qe3 Rae8 18. Re1 Re7 19. Qg5 Be8 20. Qxf6 gxf6 21. Nh4 Bg6 22. Nxg6+ hxg6 23. Rd1 Rfe8 24. Re3 e4 25. Rd5 Nb4 26. Rd1 c5 27. Rd6 Kg7 28. a3 Nc2 29. Re2 Nd4 30. Re1 f5 31. gxf5 gxf5 32. Kh2 Re6 33. Rd5 Re5 34. Rd7+ R8e7 35. Rd8 f4 36. Rg1 Kh7 37. b4 b6 38. bxc5 bxc5 39. Rb1 e3 40. fxe3 fxe3 41. Bd5 e2 0-1

[Event "Zonal"]
[Site "Protvino-Z"]
[Date "1993.??.??"]
[Round "?"]
[White "Ubilava, Elizbar E"]
[Black "Kacheishvili, Giorgi"]
[Result "1/2-1/2"]
[WhiteElo "2530"]
[BlackElo "2395"]
[PlyCount "97"]
[EventDate "1993.??.??"]
[Source "www.chesslib.no"]
[SourceDate "2004.05.04"]

1. d4 e6 2. c4 f5 3. g3 Nf6 4. Bg2 Bb4+ 5. Nd2 O-O 6. Ngf3 d6 7. O-O Qe7 8. Nb3 d5 9. c5 b6 10. a3 Ba5 11. Bg5 Ba6 12. Rc1 c6 13. Ne5 Qb7 14. cxb6 Bxb6 15. a4 Nfd7 16. Nd3 Bxd3 17. exd3 Na6 18. Re1 Rfe8 19. Qd2 Rac8 20. Be3 Bd8 21. Qc3 Nb4 22. Ra1 Bf6 23. Qd2 Na6 24. Qc2 Rb8 25. Na5 Nb4 26. Qc3 Qa6 27. Nb3 Qxd3 28. Rac1 Qxc3 29. bxc3 Nc2 30. Rxc2 Rxb3 31. c4 Reb8 32. cxd5 cxd5 33. Bf1 Nf8 34. Rc7 e5 35. Rxa7 exd4 36. Bf4 Rb1 37. Rxb1 Rxb1 38. Kg2 Ne6 39. Bd3 Kf8 40. Bxf5 g6 41. Bxe6 Rb4 42. Bd7 g5 43. Bg4 Rb8 44. Bc1 Rb6 45. Rd7 Bd8 46. Rc7 Bxc7 47. Bb2 Rb7 48. Bc3 Bb8 49. Bxd4 1/2-1/2

[Event "Balatonbereny"]
[Site "Balatonbereny"]
[Date "1996.??.??"]
[Round "2"]
[White "Horvath, Csaba"]
[Black "Wach, Markus"]
[Result "1-0"]
[WhiteElo "2540"]
[BlackElo "2380"]
[PlyCount "119"]
[EventDate "1996.06.13"]
[Source "ChessBase"]

1. d4 f5 2. g3 Nf6 3. Bg2 e6 4. c4 Bb4+ 5. Nd2 O-O 6. Ngf3 b6 7. a3 Bxd2+ 8. Nxd2 d5 9. cxd5 exd5 10. O-O Bb7 11. Nf3 c5 12. dxc5 bxc5 13. b4 c4 14. Bg5 Qe8 15. Bxf6 Rxf6 16. Qd4 Qe4 17. Qd2 Nd7 18. Rfd1 Nb6 19. a4 Rd8 20. Nd4 Qe7 21. b5 Kh8 22. e3 Nc8 23. Qa5 Rd7 24. Ra2 Qc5 25. Qc3 Rd8 26. Rad2 Nb6 27. a5 Nc8 28. Rb1 Nd6 29. a6 Ba8 30. Qa5 Rc8 31. Qb4 Ne4 32. Rc2 Qxb4 33. Rxb4 g6 34. Bxe4 fxe4 35. Kf1 Rb8 36. Rbb2 g5 37. Kg2 Kg7 38. h3 Kf7 39. Ra2 Ke7 40. Ra5 Kd6 41. Rb2 Rb6 42. g4 Kc7 43. Rc2 h5 44. gxh5 Rh6 45. Ra1 Rxh5 46. Rg1 Rg6 47. Kg3 Rgh6 48. Kg4 Rxh3 49. Kf5 Kb6 50. Rxg5 R6h5 51. Rb2 Rxg5+ 52. Kxg5 Rh1 53. Kf6 Rh6+ 54. Ke5 Kc5 55. Ne6+ Rxe6+ 56. Kxe6 c3 57. Rb1 d4 58. exd4+ Kxd4 59. Rd1+ Kc4 60. Rd8 1-0

[Event "It (open)"]
[Site "Taby (Sweden)"]
[Date "2007.08.09"]
[Round "8"]
[White "Astrom Robert (SWE)"]
[Black "Karlsson Lars (SWE)"]
[Result "1-0"]
[WhiteElo "2427"]
[BlackElo "2493"]
[PlyCount "63"]
[EventDate "2007.??.??"]
[Source "www.chesslib.no"]
[SourceDate "2004.05.04"]

1. d4 e6 2. c4 f5 3. g3 Nf6 4. Bg2 Bb4+ 5. Nd2 O-O 6. Ngf3 d6 7. O-O Bxd2 8. Qxd2 Qe7 9. b4 a5 10. b5 Nbd7 11. a4 Ne4 12. Qc2 e5 13. dxe5 Nxe5 14. Bb2 Nd7 15. Ne1 Qf7 16. Nd3 Nb6 17. c5 Nd5 18. cxd6 cxd6 19. Qc4 Be6 20. Qd4 Rae8 21. Rfc1 Re7 22. Rc2 Rfe8 23. Rac1 Qg6 24. Ba3 Bf7 25. Rc8 h5 26. Rxe8+ Rxe8 27. Rc2 h4 28. Bc1 hxg3 29. hxg3 Qe6 30. Bf3 Rc8 31. Bb2 Nef6 32. Bxd5 1-0

[Event "First Saturday GM - Agosto 2007"]
[Site "Budapest UNG"]
[Date "2007.08.09"]
[Round "4"]
[White "Berczes, David"]
[Black "Bui, Vinh"]
[Result "0-1"]
[WhiteElo "2450"]
[BlackElo "2466"]
[PlyCount "66"]
[EventDate "2007.08.06"]
[Source "www.chesslib.no"]
[SourceDate "2004.05.04"]

1. d4 f5 2. g3 Nf6 3. Bg2 e6 4. c4 Bb4+ 5. Nd2 a5 6. Ngf3 b6 7. Ne5 Ra7 8. O-O O-O 9. Nd3 Bxd2 10. Bxd2 Bb7 11. f3 Nc6 12. Bc3 d5 13. Nf4 Qd7 14. e4 dxc4 15. Bh3 Ne7 16. Qd2 Raa8 17. Rae1 c6 18. d5 cxd5 19. exf5 exf5 20. Ne6 Rf7 21. Bd4 h6 22. Bxb6 Ne4 23. Rxe4 fxe4 24. Qd4 Nf5 25. Qe5 Qd6 26. Qxd6 Nxd6 27. Bc5 Bc8 28. Rd1 Nb7 29. Rxd5 Ra6 30. Ng5 Bxh3 31. Nxh3 exf3 32. Nf4 Nxc5 33. Rxc5 Rb6 0-1

[Event "Asti op 19th"]
[Site "?"]
[Date "1998.??.??"]
[Round "7"]
[White "Arlandi Ennio"]
[Black "Naumkin Igor"]
[Result "1/2-1/2"]
[WhiteElo "2440"]
[BlackElo "2475"]
[PlyCount "29"]
[EventDate "1998.??.??"]
[Source "www.chesslib.no"]
[SourceDate "2004.05.04"]

1. d4 e6 2. c4 f5 3. g3 Nf6 4. Bg2 Bb4+ 5. Nd2 O-O 6. Ngf3 b6 7. O-O Bb7 8. Qc2 a5 9. a3 Bxd2 10. Bxd2 Be4 11. Qc3 a4 12. Rad1 h6 13. Rfe1 d6 14. Bc1 Nbd7 15. Nd2 1/2-1/2

[Event "Toulon op 5th"]
[Site "Toulon"]
[Date "1999.11.03"]
[Round "6"]
[White "Ivanov, Jordan"]
[Black "Bricard, Emmanuel"]
[Result "1/2-1/2"]
[WhiteElo "2404"]
[BlackElo "2506"]
[PlyCount "48"]
[EventDate "1999.10.??"]
[Source "ChessBase"]
[SourceDate "2000.01.11"]

1. d4 e6 2. c4 f5 3. g3 Nf6 4. Bg2 Bb4+ 5. Bd2 Be7 6. Nf3 d6 7. O-O O-O 8. Nc3 Qe8 9. Qc2 Qh5 10. e4 e5 11. dxe5 dxe5 12. Nd5 Nxd5 13. cxd5 Bd6 14. exf5 Bxf5 15. Qc3 Nd7 16. Nh4 e4 17. Nxf5 Qxf5 18. Rae1 Rae8 19. Qc4 Nf6 20. Bc3 Qxd5 21. Qxd5+ Nxd5 22. Bd4 Nf6 23. Bxf6 Rxf6 24. Bxe4 Kf8 1/2-1/2

[Event "HUN-chT 9798"]
[Site "Hungary"]
[Date "1997.??.??"]
[Round "?"]
[White "Priehoda, Vitezslav"]
[Black "Horvath, Gyula"]
[Result "1/2-1/2"]
[WhiteElo "2425"]
[BlackElo "2480"]
[PlyCount "120"]
[EventDate "1997.??.??"]
[Source "www.chesslib.no"]
[SourceDate "2004.05.04"]

1. d4 e6 2. c4 f5 3. g3 Nf6 4. Bg2 Bb4+ 5. Nd2 O-O 6. Ngf3 Be7 7. O-O d6 8. b4 Qe8 9. Bb2 Qh5 10. e3 Nbd7 11. Rc1 Ne4 12. Nxe4 fxe4 13. Nd2 Qxd1 14. Rfxd1 d5 15. c5 a5 16. b5 a4 17. Nb1 Nf6 18. h3 Bd7 19. Na3 b6 20. Bf1 Rfb8 21. c6 Be8 22. Be2 Bh5 23. g4 Bg6 24. Nc2 Ne8 25. Bc3 Nd6 26. Bb4 Kf7 27. Kg2 Rf8 28. Rb1 Nc8 29. Bxe7 Kxe7 30. Nb4 Ra5 31. a3 Na7 32. Na2 Nc8 33. Nc3 Nd6 34. Rb4 Rfa8 35. Rdb1 R8a7 36. R1b2 h6 37. Ra2 Ra8 38. Bd1 Kd8 39. Kg3 Be8 40. Be2 Ke7 41. Bd1 R8a7 42. Be2 Ra8 43. Ra1 Bg6 44. Kg2 Bf7 45. Kf1 Kf6 46. h4 g5 47. h5 Ke7 48. Ke1 Ne8 49. Bd1 Nf6 50. Kf1 Kd6 51. Kg2 e5 52. Kg3 Be6 53. Ra2 exd4 54. Rxd4 Ke5 55. Rad2 Rf8 56. Rb4 Rfa8 57. Rdd4 R8a7 58. Rb2 Ra8 59. Rbb4 R8a7 60. Rb2 Ra8 1/2-1/2

[Event "Kurgan"]
[Site "Kurgan"]
[Date "1994.??.??"]
[Round "6"]
[White "Pospelov, Evgeny"]
[Black "Tseshkovsky, Vitaly"]
[Result "1/2-1/2"]
[WhiteElo "2385"]
[BlackElo "2515"]
[PlyCount "59"]
[EventDate "1994.??.??"]
[Source "ChessBase"]

1. d4 f5 2. g3 Nf6 3. Bg2 e6 4. c4 Bb4+ 5. Bd2 Qe7 6. Qb3 Nc6 7. Bxb4 Qxb4+ 8. Qxb4 Nxb4 9. Na3 Ke7 10. Nf3 b6 11. O-O Bb7 12. Nb5 c6 13. Nc3 d5 14. a3 Na6 15. Rac1 Rhc8 16. b4 Nc7 17. Ne5 Nd7 18. Nxd7 Kxd7 19. c5 Ba6 20. Rfe1 Nb5 21. Nxb5 Bxb5 22. f3 bxc5 23. bxc5 Rab8 24. e4 dxe4 25. fxe4 Bd3 26. d5 exd5 27. exd5 cxd5 28. Bxd5 Re8 29. Red1 Be2 30. Rd2 1/2-1/2

[Event "17th Open, Boblinger GER"]
[Site "?"]
[Date "2000.??.??"]
[Round "9"]
[White "Delemarre, J."]
[Black "Glek, I."]
[Result "1-0"]
[WhiteElo "2345"]
[BlackElo "2550"]
[PlyCount "73"]
[EventDate "2000.??.??"]
[Source "www.chesslib.no"]
[SourceDate "2004.05.04"]

1. d4 e6 2. c4 f5 3. g3 Nf6 4. Bg2 Bb4+ 5. Nd2 O-O 6. a3 Bxd2+ 7. Qxd2 d6 8. b3 Qe7 9. Bb2 e5 10. dxe5 dxe5 11. Qc3 Re8 12. Rd1 c5 13. Bd5+ Nxd5 14. cxd5 Nd7 15. Nf3 Qd6 16. O-O b5 17. Nh4 Nf6 18. Qd3 f4 19. Qxb5 Bh3 20. Rfe1 Rac8 21. e4 c4 22. Rc1 cxb3 23. Rxc8 Rxc8 24. Qxb3 Rb8 25. Qc2 Rc8 26. Qd3 Ng4 27. gxf4 Qb6 28. Qd2 Qh6 29. Nf5 Qh5 30. f3 Nf6 31. Ne7+ Kh8 32. Nxc8 Qxf3 33. Qe2 Qxf4 34. Bc1 Qh4 35. Nd6 Bg4 36. Qf2 Qh5 37. Qg3 1-0

[Event "It, Oakham ENG"]
[Site "?"]
[Date "2001.??.??"]
[Round "2"]
[White "Levitt, J."]
[Black "Pert, N."]
[Result "0-1"]
[WhiteElo "2435"]
[BlackElo "2455"]
[PlyCount "76"]
[EventDate "2001.??.??"]
[Source "www.chesslib.no"]
[SourceDate "2004.05.04"]

1. d4 e6 2. c4 f5 3. g3 Nf6 4. Bg2 Bb4+ 5. Nd2 a5 6. Ngf3 b6 7. Ne5 Ra7 8. O-O O-O 9. Ndf3 Be7 10. b3 a4 11. Bd2 Ne4 12. b4 d6 13. Nd3 Bf6 14. b5 c5 15. bxc6 Nxc6 16. Nb4 Na5 17. e3 Bd7 18. Qe2 Qc8 19. Rfc1 Rc7 20. Bf1 Qb7 21. Rab1 Rxc4 22. Rxc4 Bb5 23. Nd3 Nxc4 24. Rxb5 Ncxd2 25. Rb4 Nxf1 26. Qxf1 Rc8 27. Nf4 Kf7 28. Rxa4 g5 29. Ne2 g4 30. Nh4 Bxh4 31. gxh4 Nd2 32. Qd1 Nf3+ 33. Kf1 Nxh2+ 34. Kg1 Nf3+ 35. Kf1 Nh2+ 36. Kg1 Nf3+ 37. Kf1 Nxh4 38. Nf4 Rc1 0-1

[Event "Bilbao"]
[Site "?"]
[Date "1987.??.??"]
[Round "?"]
[White "Izeta, F."]
[Black "Illescas Cordoba, M."]
[Result "0-1"]
[WhiteElo "2380"]
[BlackElo "2505"]
[PlyCount "56"]
[EventDate "1987.??.??"]
[Source "ChessBase"]
[SourceDate "1987.01.01"]

1. d4 e6 2. c4 f5 3. g3 Nf6 4. Bg2 Bb4+ 5. Bd2 Bxd2+ 6. Nxd2 O-O 7. Ngf3 d6 8. Qc2 Nc6 9. e4 Nxe4 10. Nxe4 Nb4 11. Qe2 fxe4 12. Qxe4 e5 13. O-O Bf5 14. Qxb7 Rb8 15. Qxa7 Ra8 16. Qb7 Rb8 17. Qa7 Be4 18. dxe5 Bxf3 19. Bxf3 Rxf3 20. exd6 cxd6 21. Rad1 Nc6 22. Qa4 Qc7 23. Qc2 Ne5 24. b3 Rbf8 25. Qe4 Kh8 26. Rd2 Rxb3 27. f4 Qc5+ 28. Kg2 Nxc4 0-1

[Event "Tch (Men) 2005/2006 FRA"]
[Site "?"]
[Date "2006.03.31"]
[Round "5"]
[White "Chabanon Jean Luc"]
[Black "Bricard Emmanuel"]
[Result "1/2-1/2"]
[WhiteElo "2411"]
[BlackElo "2473"]
[PlyCount "129"]
[EventDate "2006.??.??"]
[Source "www.chesslib.no"]
[SourceDate "2004.05.04"]

1. d4 e6 2. c4 f5 3. g3 Nf6 4. Bg2 Bb4+ 5. Bd2 Be7 6. Nc3 O-O 7. Nf3 d6 8. O-O Qe8 9. Rc1 a6 10. b4 Nc6 11. d5 Nxb4 12. Qb3 a5 13. dxe6 Na6 14. Nd5 c6 15. Nb6 Nc5 16. Qc2 Ra6 17. Nxc8 Qxc8 18. Nd4 Nfe4 19. Nxf5 Rxf5 20. Bxe4 Nxe4 21. Qxe4 Re5 22. Qg4 Qxe6 23. Qxe6+ Rxe6 24. Rb1 Rxe2 25. Rxb7 Bf6 26. Re1 Rxe1+ 27. Bxe1 Bd4 28. a4 Rb6 29. Rxb6 Bxb6 30. Kf1 Kf7 31. Ke2 Ke6 32. Kd3 Kf5 33. f3 Ke6 34. Ke4 d5+ 35. cxd5+ cxd5+ 36. Kd3 h5 37. h3 g6 38. g4 Kd6 39. Bg3+ Ke6 40. Bf4 Kd7 41. Be5 Ke6 42. Bc3 Kd6 43. Bg7 Ke6 44. Bb2 Kd6 45. Bc3 Ke6 46. Be1 Kd6 47. Bg3+ Ke6 48. Ke2 Kf6 49. f4 hxg4 50. hxg4 Ke6 51. Bf2 d4 52. Kd3 Kd5 53. Bh4 Bc7 54. Bg5 Kc5 55. Be7+ Kd5 56. f5 gxf5 57. gxf5 Ke5 58. f6 Ke6 59. Kxd4 Be5+ 60. Kc4 Bxf6 61. Bxf6 Kxf6 62. Kb5 Ke6 63. Kxa5 Kd7 64. Kb6 Kc8 65. Ka7 1/2-1/2